000 00310nam a22001337a 4500
008 181106b xxu||||| |||| 00| 0 eng d
020 _a9780925065315
041 _aeng
080 _a370
100 _a49
101 _aEDU
245 _aGeneralist Practice In Laagr Settings
_cTomas.M M
942 _2udc
_cBK
999 _c51960
_d51960